000 00488nam a2200169 i 4500
001 bg
100 1 _aBAKR, A. A.
245 0 _aThe boundary integral equation method in axisymmetric stress analysis problems /
_cA.A.Bakr.
260 _aBerlin,
_c1986.
490 1 _aLecture Notes in Engineering ;
_vVol.14
830 _aLecture Notes in Engineering ;
040 _cBPK
041 _apol
080 _a519.6:517.9:539.3/.6
942 _cKS
008 s pl f |000 0 pol
999 _c28983
_d28983
856 _uhttp://koha.tu.koszalin.pl/cgi-bin/koha/opac-detail.pl?biblionumber=28983
_yKatalog online BPK